Integral yoga: (Record no. 10563)
[ view plain ]
| 000 -LEADER | |
|---|---|
| fixed length control field | 00891 a2200217 4500 |
| 005 - DATE AND TIME OF LATEST TRANSACTION | |
| control field | 20110902135917.0 |
| 010 ## - LCCN (DPL NO) | |
| LC control number | ENG-89402 |
| 020 ## - INTERNATIONAL STANDARD BOOK NUMBER | |
| International Standard Book Number | 8185883602 |
| Terms of availability | 50.00 |
| 035 ## - SYSTEM CONTROL NUMBER | |
| System control number | EN-72935 |
| 035 ## - SYSTEM CONTROL NUMBER | |
| System control number | G-001354 |
| 037 ## - SOURCE OF ACQUISITION | |
| Source of stock number/acquisition | DBAD / PUB |
| 082 14 - DEWEY DECIMAL CLASSIFICATION NUMBER | |
| Classification number | 181.432 |
| 100 ## - MAIN ENTRY--PERSONAL NAME | |
| Personal name | Jyotir Maya Nanda, |
| 245 1# - TITLE STATEMENT | |
| Title | Integral yoga: |
| Statement of responsibility, etc | by Jyotir Maya Nanda |
| Remainder of title | a primer course/ |
| 260 ## - PUBLICATION, DISTRIBUTION, ETC. (IMPRINT) | |
| Place of publication, distribution, etc | Ghaziabad |
| Name of publisher, distributor, etc | International Yoga Society |
| Date of publication, distribution, etc | 2008 |
| 270 ## - ADDRESS | |
| Address | Lal Bagh, Loni |
| City | Ghaziabad |
| Postal code | 201102 |
| Electronic mail address | iys@vsnl.com |
| State or province | Ghaziabad |
| Telephone number | 0120-2600237 |
| 300 ## - PHYSICAL DESCRIPTION | |
| Extent | 119p.: |
| Dimensions | 22 cm (Pbk) |
| Other physical details | ill |
| 942 ## - ADDED ENTRY ELEMENTS (KOHA) | |
| Institution code [OBSOLETE] | dpl |
| Item type | English Books |
| Call number prefix | JYO |
| Source of classification or shelving scheme | Dewey Decimal Classification |
| Classification part | 181.432 |
| Withdrawn status | Lost status | Not for loan | Collection code | Home library | Current library | Date acquired | Cost, normal purchase price | Full call number | Barcode | Copy number | Cost, replacement price | Koha item type | Source of acquisition |
|---|---|---|---|---|---|---|---|---|---|---|---|---|---|
| Non-fiction | D.B.Act.Division | D.B.Act.Division | 02/09/2011 | 50.00 | 181.432 | EN-72935 | 1 | 50.00 | English Books | ||||
| Non-fiction | Janak Puri | Janak Puri | 02/09/2011 | 50.00 | 181.432 JYO | G-001354 | 1 | 50.00 | English Books | bppd/gift |
